Score 0/32 Timer 06:00
1 Play Today
Clue Word % Correct
Grizzly creatureBear
93.9%
A person who trims your hairBarber
93.7%
Dull, tedious personBore
92%
Canadian Justin who sang 'Baby'Bieber
90.4%
Drink from hops, yeast and maltBeer
90.3%
The Great ___ ReefBarrier
89.3%
Soft French cheeseBrie
87.9%
George H.W. Bush's wifeBarbara
87.5%
Bathroom-wearRobe
86.3%
Male pigBoar
85.9%
Jewish religious leaderRabbi
84.9%
Illegal payment or giftBribe
83.7%
UncladBare
83.7%
Mary Phelps Jacob's patented undergarmentBra
83%
Singer Gibb or baseballer BondsBarry
80.7%
Cover with earthBury
80.1%
Clue Word % Correct
This doll has a sister named SkipperBarbie
76.1%
Person who stealsRobber
74.1%
Spherical objectOrb
71.4%
A synthetic or natural elastic materialRubber
66.4%
USA tree planting dayArbor
65.1%
Small fruitBerry
63.6%
Thorny plant the Rabbit above likedBriar
57.9%
'Song of the South' Rabbit or BearBr'er
56.6%
Jean de Brunhoff's literary elephantBabar
55.7%
Wacky contraption inventor GoldbergRube
53.2%
Small donkeyBurro
49.1%
Dresser or government departmentBureau
48.3%
T.E. Lawrence's regionArabia
40.9%
Word with Coast or ApeBarbary
39.8%
Uncouth personBoor
38.3%
Stand for a coffinBier
28.5%

You're not logged in!

Compare scores with friends on all Sporcle quizzes.
OR
Log In

Sporcle TV

Today on Sporcle TV


Watch our educational content, quiz creation guides, and fun videos on Sporcle TV.

Show Comments

Extras

Top Quizzes Today


Score Distribution

Paid Content

Your Account Isn't Verified!

In order to create a playlist on Sporcle, you need to verify the email address you used during registration. Go to your Sporcle Settings to finish the process.

Report this User

Report this user for behavior that violates our Community Guidelines.

Details: